| 000 | 00428nam a2200181Ia 4500 | ||
|---|---|---|---|
| 001 | 18225 | ||
| 005 | 20260306171615.0 | ||
| 008 | 260306s9999||||xx |||||||||||||| ||und|| | ||
| 041 | _aESP | ||
| 082 |
_a658.4013 _bO48 |
||
| 100 |
_aOmachonu, Vincent K. _eAUT |
||
| 245 | 0 | _aPrincipios de calidad total | |
| 260 | _c2014 | ||
| 300 |
_a352 páginas : _c27 cm. |
||
| 650 | _aGEN | ||
| 654 | _aCAN | ||
| 942 |
_cLIB _dJUS _fJUS _2ddc _n |
||
| 999 |
_c18225 _d18225 |
||